000 00602nam a2200169Ia 4500
005 20241114010739.0
008 240331s9999 xx 000 0 und d
020 _a9780143068181
082 _bSEA
_a823
245 0 _aIn Search of SITA Revisiting Mythology
260 _aIndia
_bPenguin Books India & Yatra Books
_c2009
300 _aXVII, 270 P .,
500 _aThis popular print of Sita, based on a painting by raja Ravi Varma, Depicts the abducted goddess, alone and brooding , yet with a flash of fire in her eyes
700 _aLal, Malashri
_eedt
700 _aGokhale, Namita
_eedt
942 _cL
999 _c5687
_d5687